|
|
|
|
| LEADER |
00809nam a22002057a 4500 |
| 001 |
29607 |
| 003 |
BD-DhAAL |
| 005 |
20240905163731.0 |
| 008 |
151117s1979 bg ||||| |||| 00| 0 eng d |
| 040 |
|
|
|a BD-DhAAL
|c BD-DhAAL
|
| 082 |
|
|
|2 22
|a 338.9
|
| 245 |
|
|
|a Appropriate technologies under pressure :
|b cases of the cotton textile industry and post harvest rice processing.
|
| 264 |
|
|
|a Dhaka :
|b Bangladesh Rural Advancement Committee,
|c 1979.
|
| 300 |
|
|
|a 19 pages :
|c 29 cm.
|
| 541 |
|
|
|e 2960
|
| 650 |
|
|
|a Appropriate technology
|x Economic aspects.
|9 16308
|
| 852 |
|
|
|a Ayesha Abed Library
|c BRAC Resource Section
|
| 942 |
|
|
|2 ddc
|c BK
|
| 999 |
|
|
|c 36200
|d 36200
|
| 952 |
|
|
|0 0
|1 0
|2 ddc
|4 0
|6 338_900000000000000_APP
|7 1
|9 56912
|a BRACUL
|b BRACUL
|c BRS
|d 2015-11-17
|l 1
|o 338.9 APP
|p 3010029607
|r 2025-12-30
|s 2025-03-23
|t 1
|w 2015-11-17
|y BK
|